The study of history / (Record no. 178815)

000 -LEADER
fixed length control field 00920 a2200217 4500
003 - CONTROL NUMBER IDENTIFIER
control field NUST
005 - DATE AND TIME OF LATEST TRANSACTION
control field 20230126131148.0
010 ## - LIBRARY OF CONGRESS CONTROL NUMBER
LC control number 79458275
020 ## - INTERNATIONAL STANDARD BOOK NUMBER
International Standard Book Number 0582313945
040 ## - CATALOGING SOURCE
Transcribing agency Nust
082 00 - DEWEY DECIMAL CLASSIFICATION NUMBER
Classification number 909.009,GAL
100 1# - MAIN ENTRY--PERSONAL NAME
Personal name Galbraith V.H
9 (RLIN) 6640
245 14 - TITLE STATEMENT
Title The study of history /
Statement of responsibility, etc. V.H.Galbraith .
260 ## - PUBLICATION, DISTRIBUTION, ETC.
Place of publication, distribution, etc. Islamabad,
Name of publisher, distributor, etc. National book Foundation ,
Date of publication, distribution, etc. 1969.
300 ## - PHYSICAL DESCRIPTION
Extent viii, 143 p.;
Other physical details plate, 1 illus.
Dimensions 22 cm.
505 ## - FORMATTED CONTENTS NOTE
Formatted contents note Foreword: to the Reader (Page-v) PART-1: The historian at Work (Page-1), PART-2: Historical Research and the Preservation of the Past (Page-57), PART-3: Research in Action Who wrote Asser’s Life of Alfred (Page-88), Glossary (Page-129), Notes on the Text (Page-134), Some Books for Further Reading (Page-135).
650 #0 - SUBJECT ADDED ENTRY--TOPICAL TERM
Topical term or geographic name entry element Historiography.
9 (RLIN) 46081
650 #0 - SUBJECT ADDED ENTRY--TOPICAL TERM
Topical term or geographic name entry element History
General subdivision Philosophy.
9 (RLIN) 6591
650 #0 - SUBJECT ADDED ENTRY--TOPICAL TERM
Topical term or geographic name entry element Political science
General subdivision Methodology.
9 (RLIN) 2195
942 ## - ADDED ENTRY ELEMENTS (KOHA)
Source of classification or shelving scheme
Koha item type Book
Call number prefix 909.009,GAL
Holdings
Withdrawn status Lost status Source of classification or shelving scheme Damaged status Not for loan Permanent Location Current Location Shelving location Date acquired Full call number Barcode Date last seen Price effective from Koha item type Public note
          Military College of Signals (MCS) Military College of Signals (MCS) General Stacks 12/12/2016 909.009,GAL MCS34397 12/08/2016 12/12/2016 Book Almirah No.58, Shelf No.4
          Military College of Signals (MCS) Military College of Signals (MCS) General Stacks 12/12/2016 909.009,GAL MCS34398 12/08/2016 12/12/2016 Book Almirah No.58, Shelf No.4
© 2023 Central Library, National University of Sciences and Technology. All Rights Reserved.